|
|
|
|
| LEADER |
00000nam0a2200000 4500 |
| 001 |
343911 |
| 005 |
20231102005617.0 |
| 010 |
|
|
|a 9785449903624
|
| 035 |
|
|
|a (RuTPU)RU\TPU\book\374725
|
| 090 |
|
|
|a 343911
|
| 100 |
|
|
|a 20191121d2019 m y0rusy50 ca
|
| 101 |
0 |
|
|a rus
|
| 102 |
|
|
|a RU
|
| 105 |
|
|
|a a j 001zy
|
| 200 |
1 |
|
|a Основы высокотемпературной криоэлектроники
|e учебное пособие
|f В. Н. Игумнов
|
| 205 |
|
|
|a 2-е изд., стер.
|
| 210 |
|
|
|a Москва
|a Берлин
|c Директ-Медиа
|d 2019
|
| 215 |
|
|
|a 237 с.
|c ил.
|
| 225 |
1 |
|
|a Высшая школа
|
| 320 |
|
|
|a Библиогр.: с. 228-230
|
| 320 |
|
|
|a Предметный указатель: с. 231-233
|
| 320 |
|
|
|a Условные обозначения и сокращения: с. 3-5
|
| 330 |
|
|
|a Изложены основные представления о низкотемпературной и высокотемпературной сверхпроводимости. Рассмотрены эффекты и явления, на которых основана работа устройств криоэлектроники. Приведены данные об основных высокотемпературных сверхпроводниках, их критические параметры, а также сведения о технологии их изготовления. В пособие включен практикум: работы по технологии изготовления и исследования крио-электронного устройства. Для студентов и аспирантов, специализирующихся в области электронной техники, а также криоэлектроники.
|
| 606 |
1 |
|
|a Криоэлектроника
|2 stltpush
|3 (RuTPU)RU\TPU\subj\16293
|9 42423
|
| 610 |
1 |
|
|a сверхпроводимость
|
| 610 |
1 |
|
|a высокотемпературные сверхпроводники
|
| 610 |
1 |
|
|a пленочные сверхпроводники
|
| 610 |
1 |
|
|a свойства
|
| 610 |
1 |
|
|a пассивные сверхвысокочастотные устройства
|
| 610 |
1 |
|
|a болометры
|
| 610 |
1 |
|
|a переходы Джозефсона
|
| 610 |
1 |
|
|a квантовые интерферометры
|
| 610 |
1 |
|
|a устройства
|
| 610 |
1 |
|
|a тонкопленочные элементы
|
| 610 |
1 |
|
|a магнитные экраны
|
| 610 |
1 |
|
|a кольца-фрагменты
|
| 610 |
1 |
|
|a учебные пособия
|
| 675 |
|
|
|a 621.37/.39:53(075.8)
|v 4
|
| 700 |
|
1 |
|a Игумнов
|b В. Н.
|g Владимир Николаевич
|
| 801 |
|
1 |
|a RU
|b 63413507
|c 20191121
|
| 801 |
|
2 |
|a RU
|b 63413507
|c 20191217
|g RCR
|
| 942 |
|
|
|c BK
|
| 959 |
|
|
|a 26/20191121
|d 1
|e 596,00
|f ЧЗТЛ:1
|